ბათუმის შოთა რუსთაველის სახელმწიფო უნივერსიტეტის ბიბლიოთეკა

Antike Bronzen aus Baden-Württemberg / (ბიბ.ჩანაწერი № 60667)

000 -LEADER
fixed length control field 00521nam a22001577a 4500
005 - DATE AND TIME OF LATEST TRANSACTION
control field 20231004164033.0
008 - FIXED-LENGTH DATA ELEMENTS--GENERAL INFORMATION
fixed length control field 231004s1988 gw ||||| |||| 00| 0 ger d
041 ## - LANGUAGE CODE
Language code of text/sound track or separate title ger
080 ## - UNIVERSAL DECIMAL CLASSIFICATION NUMBER
Universal Decimal Classification number 902.2 N-91
100 ## - MAIN ENTRY--PERSONAL NAME
Personal name Nuber, Hans Ulrich
9 (RLIN) 19998
245 ## - TITLE STATEMENT
Title Antike Bronzen aus Baden-Württemberg /
Statement of responsibility, etc. Hans Ulrich Nuber.
264 ## - PRODUCTION, PUBLICATION, DISTRIBUTION, MANUFACTURE, AND COPYRIGHT NOTICE
Place of production, publication, distribution, manufacture Aalen,
Date of production, publication, distribution, manufacture, or copyright notice 1988.
300 ## - PHYSICAL DESCRIPTION
Extent 130 p.:
Other physical details ill.;
Dimensions 22 cm.
653 ## - INDEX TERM--UNCONTROLLED
keyword ანტიკური ბრინჯაო ბადენ-ვიურტემბერგიდან
942 ## - ADDED ENTRY ELEMENTS (KOHA)
Source of classification or shelving scheme
Koha item type წიგნი
ეგზემპლარები
Withdrawn status Lost status Source of classification or shelving scheme Damaged status Not for loan Permanent Location Current Location Shelving location Date acquired Cost, normal purchase price Full call number Barcode Date last seen Copy number Uniform Resource Identifier Price effective from Koha item type Public note
          ბათუმის შოთა რუსთაველის სახელმწიფო უნივერსიტეტის მთავარი ბიბლიოთეკა ბათუმის შოთა რუსთაველის სახელმწიფო უნივერსიტეტის მთავარი ბიბლიოთეკა წიგნსაცავი 2023-10-04 6.00 902.2 N-91 65250 2023-10-04 65250 ბსუ-ს საპატიო დოქტორის გურამ ლორთქიფანიძის საჩუქარი 2023-10-04 წიგნი 6 ლ.